Programa de reforestación comercial, un modelo de trabajo exitoso, diez años construyendo bosques (Registro nro. 8510)

Detalles MARC
000 -CABECERA
Campo de control 01164nam a22002537a 4500
005 - FECHA Y HORA DE LA ULTIMA TRANSACCION
Campo de control 20140704121209.0
008 - ELEMENTOS DE LONGITUD FIJA—INFORMACION GENERAL
Campo de control 140704b2011 ck ||||| ||||a00| 0 spa d
020 ## - ISBN
ISBN 9789585723801
041 ## - IDIOMA
Código de idioma para texto/pista de sonido o título separado Español
-- Inglés
044 ## - PAÍS DE PUBLICACIÓN
País de publicación Colombia
082 04 - NUMERO DE CLASIFICACION DECIMAL DEWEY
Número de clasificación 634.9
Número del ítem G98p
100 1# - ASIENTO PRINCIPAL--NOMBRE PERSONAL
Nombre personal Gutiérrez-Melo, Edison D.
245 10 - MENCION DE TITULO
Título Programa de reforestación comercial, un modelo de trabajo exitoso, diez años construyendo bosques
Mención de responsabilidad Edison Gutierrez Melo y Natalia González Romero
260 ## - PUBLICACION, DISTRIBUCION, ETC. (PIE DE IMPRENTA)
Lugar de publicación, distribución, etc. Bogotá
Nombre del editor, distribuidor, etc. ONF Internacional
-- ONF Andina
-- Cormagdalena
Fecha de publicación, distribución, etc. 2011
300 ## - DESCRIPCION FISICA
Extensión 118 p.
Otros detalles físicos fot. (col)
Dimensiones 34 x 24 cm.
505 ## - NOTA DE CONTENIDO
Nota de contenido 1. El programa de reforestación comercial-PRC<br/>2. Los beneficios del PRC<br/>3. PRC diez años de aprendizaje
546 ## - NOTA DE IDIOMA
Nota de idioma Título en inglés<br/>The commercial reforestation program, a successful work model, ten years building forest.
546 ## - NOTA DE IDIOMA
Nota de idioma Documento en español e inglés
650 ## - ASIENTO SECUNDARIO DE MATERIA - TERMINO TEMATICO
Término temático o nombre geográfico como elemento de entrada Reforestación comercial
Subdivisión geográfica Magdalena (Dpt. Colombia)
650 ## - ASIENTO SECUNDARIO DE MATERIA - TERMINO TEMATICO
Término temático o nombre geográfico como elemento de entrada Conservación de los recursos naturales
650 #6 - ASIENTO SECUNDARIO DE MATERIA - TERMINO TEMATICO
Término temático o nombre geográfico como elemento de entrada Proyectos de inversión
Subdivisión geográfica Magdalena (Dpt. Colombia)
700 1# - ASIENTO SECUNDARIO - NOMBRE PERSONAL
Nombre personal González-romero, Natalia
942 ## - ELEMENTOS ADICIONALES (KOHA)
Sistema de clasificación Dewey Decimal Classification
Tipo de ítem Impreso

No hay ítems disponibles.